<?xml version="1.0" encoding="UTF-8"?>
<record
    xmlns:xsi="http://www.w3.org/2001/XMLSchema-instance"
    xsi:schemaLocation="http://www.loc.gov/MARC21/slim http://www.loc.gov/standards/marcxml/schema/MARC21slim.xsd"
    xmlns="http://www.loc.gov/MARC21/slim">

  <leader>01930nab a2200229uuc4500</leader>
  <controlfield tag="001">1525428</controlfield>
  <controlfield tag="005">20240217085649.0</controlfield>
  <controlfield tag="008">190516e20190105                    spa  </controlfield>
  <datafield tag="035" ind1=" " ind2=" ">
    <subfield code="a">1525428</subfield>
  </datafield>
  <datafield tag="040" ind1=" " ind2=" ">
    <subfield code="c">comduadb</subfield>
  </datafield>
  <datafield tag="041" ind1=" " ind2=" ">
    <subfield code="a">spa</subfield>
  </datafield>
  <datafield tag="100" ind1="1" ind2="0">
    <subfield code="a">Adell Segura, Jordi</subfield>
    <subfield code="4">aut</subfield>
    <subfield code="e">aut</subfield>
    <subfield code="9">289186</subfield>
  </datafield>
  <datafield tag="245" ind1="1" ind2="3">
    <subfield code="a">El debate sobre el pensamiento computacional en educaci&#xF3;n</subfield>
  </datafield>
  <datafield tag="520" ind1="3" ind2=" ">
    <subfield code="a">En los &#xFA;ltimos a&#xF1;os, un creciente n&#xFA;mero de pa&#xED;ses ha introducido el pensamiento computacional en el curr&#xED;culo de la educaci&#xF3;n obligatoria. En este texto, en primer lugar, analizamos brevemente algunos de los problemas que genera la ausencia de una definici&#xF3;n consensuada de pensamiento computacional y un marco conceptual que gu&#xED;e su integraci&#xF3;n en el curr&#xED;culo de las diversas etapas, la relaci&#xF3;n con otras disciplinas y con la competencia digital, su evaluaci&#xF3;n, la formaci&#xF3;n el profesorado, etc. En segundo lugar, se describen algunos elementos del proceso seguido en Espa&#xF1;a para promover su inclusi&#xF3;n en el curr&#xED;culo, un ejemplo de "pol&#xED;tica r&#xE1;pida" similar al de otros pa&#xED;ses, caracterizado por la compresi&#xF3;n temporal y la fusi&#xF3;n indiscernible de intereses p&#xFA;blicos y privados. Finalmente se sugiere que el discurso sobre el pensamiento computacional en educaci&#xF3;n evita el debate sobre c&#xF3;mo contribuye a los fines de la educaci&#xF3;n obligatoria y sobresus asunciones previas, ysus implicaciones pol&#xED;ticas y econ&#xF3;micas.</subfield>
  </datafield>
  <datafield tag="650" ind1=" " ind2="0">
    <subfield code="a">Tecnolog&#xED;as de la informaci&#xF3;n y de la comunicaci&#xF3;n</subfield>
    <subfield code="9">200985</subfield>
  </datafield>
  <datafield tag="650" ind1=" " ind2=" ">
    <subfield code="a">Tecnolog&#xED;as del aprendizaje y el conocimiento (TAC)</subfield>
    <subfield code="9">206538</subfield>
  </datafield>
  <datafield tag="650" ind1=" " ind2="7">
    <subfield code="a">Tecnolog&#xED;a educativa</subfield>
    <subfield code="2">embne</subfield>
    <subfield code="9">49590</subfield>
  </datafield>
  <datafield tag="700" ind1="1" ind2="0">
    <subfield code="a">Llopis Nebot, Mar&#xED;a &#xC1;ngeles</subfield>
    <subfield code="4">aut</subfield>
    <subfield code="e">aut</subfield>
    <subfield code="9">783343</subfield>
  </datafield>
  <datafield tag="700" ind1="1" ind2="0">
    <subfield code="a">Esteve Mon, Francesc M.</subfield>
    <subfield code="4">aut</subfield>
    <subfield code="e">aut</subfield>
    <subfield code="9">775846</subfield>
  </datafield>
  <datafield tag="773" ind1="0" ind2=" ">
    <subfield code="t">Ried : Revista Iberoamericana de Educaci&#xF3;n a Distancia (Espa&#xF1;a)</subfield>
    <subfield code="g">Volumen 22, N&#xFA;mero 01, Enero de 2019, 171-186</subfield>
    <subfield code="w">578979</subfield>
    <subfield code="x">1138-2783</subfield>
    <subfield code="0">147114</subfield>
  </datafield>
  <datafield tag="942" ind1=" " ind2=" ">
    <subfield code="c">ARIMP</subfield>
  </datafield>
  <datafield tag="999" ind1=" " ind2=" ">
    <subfield code="c">793306</subfield>
    <subfield code="d">793306</subfield>
  </datafield>
</record>
